<?xml version="1.0" encoding="UTF-8"?>
<marc:record xmlns:marc="http://www.loc.gov/MARC21/slim">
   <marc:leader>00000nam a2200000 a 4500</marc:leader>
   <marc:datafield ind1="1" ind2=" " tag="100">
      <marc:subfield code="a">Berry, Julie</marc:subfield>
      <marc:subfield code="4">aut</marc:subfield>
      <marc:subfield code="e">Verfasser/-in</marc:subfield>
   </marc:datafield>
   <marc:datafield ind1="0" ind2="0" tag="245">
      <marc:subfield code="a">Eine verliebte Kuh, eine magische Karte und ein Strauß in geheimer Mission</marc:subfield>
   </marc:datafield>
   <marc:datafield ind1="0" ind2="0" tag="245">
      <marc:subfield code="c">Julie Berry ; aus dem amerikanischen Englisch von Inge Wehrmann</marc:subfield>
   </marc:datafield>
   <marc:datafield ind1=" " ind2="1" tag="264">
      <marc:subfield code="a">Stuttgart</marc:subfield>
      <marc:subfield code="b">Thienemann</marc:subfield>
      <marc:subfield code="c">2018</marc:subfield>
   </marc:datafield>
   <marc:datafield ind1="1" ind2=" " tag="520">
      <marc:subfield code="a">Angaben aus der Verlagsmeldung

Eine verliebte Kuh, eine magische Karte und ein Strauß in geheimer Mission THE EMPEROR'S OSTRICH / von Julie Berry

Ungewöhnlich, phantastisch, skurril – ein turbulentes Fantasy-Abenteuer für Kinder ab 10 Jahren.

Das Kaiserreich ist in heller Aufregung – der Thronfolger, ein verwöhnter und launischer Kerl, ist kurz vor seiner Krönung verschwunden. Und sein kaiserlicher Vogelstrauß wird auch vermisst. Wurden die beiden entführt? Eine groß angelegte Suche beginnt.

Auch Begonia ist auf der Suche, aber nach etwas ganz anderem, ihr ist ihre Lieblingskuh Afalfa entlaufen. Zusammen mit ihrem Freund Key besteht sie die verrücktesten Abenteuer und rettet schließlich sogar das ganze Kaiserreich. Ein Happy End für alle, auch für die verliebte Kuh und ihren kaiserlichen Strauß.

</marc:subfield>
   </marc:datafield>
   <marc:datafield ind1=" " ind2=" " tag="020">
      <marc:subfield code="a">9783522184823</marc:subfield>
      <marc:subfield code="9">9783522184823</marc:subfield>
   </marc:datafield>
   <marc:datafield ind1=" " ind2=" " tag="020">
      <marc:subfield code="a">3522184823</marc:subfield>
      <marc:subfield code="9">3522184823</marc:subfield>
   </marc:datafield>
   <marc:datafield ind1=" " ind2=" " tag="300">
      <marc:subfield code="a">297 Seiten</marc:subfield>
   </marc:datafield>
</marc:record>
